| 000 -LEADER |
| fixed length control field |
00479pab a2200169 454500 |
| 008 - FIXED-LENGTH DATA ELEMENTS--GENERAL INFORMATION |
| fixed length control field |
180718b2006 xxu||||| |||| 00| 0 eng d |
| 100 ## - MAIN ENTRY--PERSONAL NAME |
| Personal name |
Ananda, Jayanath |
| 245 ## - TITLE STATEMENT |
| Title |
A preliminary assessment of water institutions in India: an institutional design perspective |
| 260 ## - PUBLICATION, DISTRIBUTION, ETC. |
| Date of publication, distribution, etc. |
2006 |
| 300 ## - PHYSICAL DESCRIPTION |
| Extent |
p.927-53. |
| 362 ## - DATES OF PUBLICATION AND/OR SEQUENTIAL DESIGNATION |
| Dates of publication and/or sequential designation |
Jul |
| 650 ## - SUBJECT ADDED ENTRY--TOPICAL TERM |
| Topical term or geographic name entry element |
Water resources - India |
| 650 ## - SUBJECT ADDED ENTRY--TOPICAL TERM |
| Topical term or geographic name entry element |
Water resources |
| 700 ## - ADDED ENTRY--PERSONAL NAME |
| Personal name |
Crase, Lin |
| 773 ## - HOST ITEM ENTRY |
| Main entry heading |
Review of Policy Research |
| 909 ## - |
| -- |
72519 |